<?xml version="1.0" encoding="UTF-8"?>
<record
    xmlns:xsi="http://www.w3.org/2001/XMLSchema-instance"
    xsi:schemaLocation="http://www.loc.gov/MARC21/slim http://www.loc.gov/standards/marcxml/schema/MARC21slim.xsd"
    xmlns="http://www.loc.gov/MARC21/slim">

  <leader>01066nam a22002657a 4500</leader>
  <controlfield tag="003">NALT</controlfield>
  <controlfield tag="005">20240903101805.0</controlfield>
  <controlfield tag="006">af||p|r|||| 00| 0 </controlfield>
  <controlfield tag="007">ta</controlfield>
  <controlfield tag="008">240903b        th f||p| |||| 00| 0 tha d</controlfield>
  <datafield tag="022" ind1=" " ind2=" ">
    <subfield code="a">29852668</subfield>
  </datafield>
  <datafield tag="040" ind1=" " ind2=" ">
    <subfield code="a">NALT</subfield>
  </datafield>
  <datafield tag="041" ind1=" " ind2=" ">
    <subfield code="a">tha</subfield>
  </datafield>
  <datafield tag="245" ind1=" " ind2=" ">
    <subfield code="a">&#xE27;&#xE32;&#xE23;&#xE2A;&#xE32;&#xE23;&#xE27;&#xE34;&#xE0A;&#xE32;&#xE01;&#xE32;&#xE23;&#xE2B;&#xE2D;&#xE2A;&#xE21;&#xE38;&#xE14;&#xE41;&#xE2B;&#xE48;&#xE07;&#xE0A;&#xE32;&#xE15;&#xE34;</subfield>
  </datafield>
  <datafield tag="260" ind1=" " ind2=" ">
    <subfield code="a">&#xE01;&#xE25;&#xE38;&#xE48;&#xE21;&#xE07;&#xE32;&#xE19;&#xE27;&#xE34;&#xE08;&#xE31;&#xE22;&#xE41;&#xE25;&#xE30;&#xE1E;&#xE31;&#xE12;&#xE19;&#xE32;&#xE2B;&#xE49;&#xE2D;&#xE07;&#xE2A;&#xE21;&#xE38;&#xE14; &#xE2A;&#xE33;&#xE19;&#xE31;&#xE01;&#xE2B;&#xE2D;&#xE2A;&#xE21;&#xE38;&#xE14;&#xE41;&#xE2B;&#xE48;&#xE07;&#xE0A;&#xE32;&#xE15;&#xE34;</subfield>
  </datafield>
  <datafield tag="310" ind1=" " ind2=" ">
    <subfield code="a">&#xE23;&#xE32;&#xE22;&#xE2B;&#xE01;&#xE40;&#xE14;&#xE37;&#xE2D;&#xE19;</subfield>
  </datafield>
  <datafield tag="650" ind1=" " ind2="0">
    <subfield code="a">&#xE2B;&#xE49;&#xE2D;&#xE07;&#xE2A;&#xE21;&#xE38;&#xE14;</subfield>
    <subfield code="9">22028</subfield>
  </datafield>
  <datafield tag="650" ind1=" " ind2="0">
    <subfield code="a">&#xE1A;&#xE23;&#xE23;&#xE13;&#xE32;&#xE23;&#xE31;&#xE01;&#xE29;&#xE28;&#xE32;&#xE2A;&#xE15;&#xE23;&#xE4C;</subfield>
    <subfield code="9">35047</subfield>
  </datafield>
  <datafield tag="850" ind1=" " ind2=" ">
    <subfield code="a">NALT</subfield>
  </datafield>
  <datafield tag="856" ind1=" " ind2=" ">
    <subfield code="u">https://so04.tci-thaijo.org/index.php/nlt/issue/archive</subfield>
  </datafield>
  <datafield tag="866" ind1=" " ind2=" ">
    <subfield code="a">&#xE1B;&#xE35;&#xE17;&#xE35;&#xE48; 11 &#xE09;&#xE1A;&#xE31;&#xE1A; 2 (&#xE01;.&#xE04;.-&#xE18;.&#xE04;. 2566)</subfield>
  </datafield>
  <datafield tag="942" ind1=" " ind2=" ">
    <subfield code="c">JNR</subfield>
    <subfield code="s">1</subfield>
  </datafield>
  <datafield tag="952" ind1=" " ind2=" ">
    <subfield code="0">0</subfield>
    <subfield code="1">0</subfield>
    <subfield code="2">lcc</subfield>
    <subfield code="4">0</subfield>
    <subfield code="7">0</subfield>
    <subfield code="8">CPER</subfield>
    <subfield code="a">NALT</subfield>
    <subfield code="b">NALT</subfield>
    <subfield code="c">JNR</subfield>
    <subfield code="d">2024-09-06</subfield>
    <subfield code="e">&#xE1A;&#xE23;&#xE34;&#xE08;&#xE32;&#xE04;</subfield>
    <subfield code="h">&#xE1B;&#xE35;&#xE17;&#xE35;&#xE48; 11 &#xE09;&#xE1A;&#xE31;&#xE1A;&#xE17;&#xE35;&#xE48; 2 (&#xE01;.&#xE04;.-&#xE18;.&#xE04;. 2566)</subfield>
    <subfield code="l">0</subfield>
    <subfield code="p">2900035614</subfield>
    <subfield code="r">2024-09-06</subfield>
    <subfield code="u">https://search-library.parliament.go.th/files/cover/Cover-journal/Library%20of%20Thailand/Library_v11n2.jpg</subfield>
    <subfield code="w">2024-09-06</subfield>
    <subfield code="y">JNR</subfield>
  </datafield>
  <datafield tag="996" ind1=" " ind2=" ">
    <subfield code="a">jintana.i</subfield>
    <subfield code="b">SERSTF</subfield>
    <subfield code="c">2024-09-03</subfield>
  </datafield>
  <datafield tag="999" ind1=" " ind2=" ">
    <subfield code="c">105683</subfield>
    <subfield code="d">105683</subfield>
  </datafield>
  <datafield tag="998" ind1=" " ind2=" ">
    <subfield code="h">755</subfield>
    <subfield code="j">755</subfield>
    <subfield code="k"> &#xE19;&#xE32;&#xE07;&#xE08;&#xE34;&#xE19;&#xE15;&#xE19;&#xE32;  &#xE40;&#xE2D;&#xE35;&#xE48;&#xE22;&#xE21;&#xE04;&#xE07;</subfield>
  </datafield>
</record>
